Komunistická strana - predvoj sovietskeho ľudu K vydaniu knihy súdruha K. U. Černenka Jednota strany a ľudu. Vybrané prejavy a state

Bibliographic Details
Format: Article
Language:Slovak
Subjects:

MARC

LEADER 00000nab a2200000 a 4500
001 vtls000205733
003 SK-MaSNL
005 20260302203535.0
008 111130c1984 xo 0 slo
015 |a SNBRB19rr/mm-uuuuu 
035 |a CL0215846 
040 |a SNKBUCL  |b slo  |c SNKBUCL  |e AACR2 
041 0 |a slo 
044 |a xo  |c SK 
080 |a 329.15(47)  |2 1981 
245 0 0 |a Komunistická strana - predvoj sovietskeho ľudu  |b K vydaniu knihy súdruha K. U. Černenka Jednota strany a ľudu. Vybrané prejavy a state  |c (PŽ-ŽS) 
600 1 7 |a Černenko, Konstantin Ustinovič,  |d 1911-1985  |2 snkbucl  |9 142667 
650 0 7 |a zahraničná politika  |2 snkbucl  |9 971 
650 0 7 |a vnútorná politika  |2 snkbucl  |9 970 
650 0 7 |a prejavy  |2 snkbucl  |9 30062 
650 0 7 |a zborníky  |2 snkbucl  |9 108488 
651 7 |a Sovietsky zväz  |2 snkbucl  |9 22126 
655 7 |a recenzie  |2 snkbucl  |9 21907 
655 7 |a články z novín a časopisov  |2 snkbucl  |9 267496 
773 0 |t Život strany  |g Č. 21 (1984), s. 32-35 
787 0 8 |i Rec.:  |a Černenko, Konstantin Ustinovič  |t Jednota strany a ľudu  |d Moskva, 1984 
850 |a Slovenská národná knižnica v Martine  |a MTA001 
852 |a SNK  |b KIS3GCP 
958 |a RK 
958 |a SU 
992 |a RBX 
999 |c 1469621  |d 1471551